Czy znasz tablice rejestracyjne w województwie warmińsko-mazurskim? - Statystyki

Ogólne statystyki
  • Ten quiz został rozwiązany 141 razy
    75 od ostatniego zresetowania
  • Średni wynik to 21 z 22
Statystyki odpowiedzi
Powiat Wyróżnik % Poprawnych
powiat bartoszycki NBA
100%
Elbląg NE
100%
powiat iławski NIL
100%
powiat kętrzyński NKE
100%
powiat lidzbarski NLI
100%
powiat mrągowski NMR
100%
Olsztyn NO
100%
powiat olsztyński NOL
100%
powiat ostródzki NOS
100%
powiat braniewski NBR
99%
powiat działdowski NDZ
99%
powiat giżycki NGI
99%
powiat piski NPI
99%
powiat szczycieński NSZ
99%
powiat ełcki NEL
97%
powiat gołdapski NGO
97%
powiat węgorzewski NWE
97%
powiat elbląski NEB
96%
powiat nidzicki NNI
96%
powiat nowomiejski NNM
88%
powiat olecko-gołdapski* NOG
87%
powiat olecki NOE
82%
Nie znaleziono quizów pasujących do podanych kryteriów
Rozkład punktacji
Procent ludzi z każdym wynikiem
Percentyl według liczby udzielonych odpowiedzi
Twoja historia wyników
Nie rozwiązałeś tego quizu od ostatniego zresetowania